Macedonian 2000s Music Quiz: Name the Artist - Statistics

General Stats
  • This quiz has been taken 7 times
    6 since last reset
  • The average score is 18 of 30
Answer Stats
Song Release Date Artist % Correct
Milioner 2007 Elena Risteska
100%
Za kogo? 2008 Karolina Gočeva
100%
Sonce ne me gree 2009 Lozano
100%
1003 2003 Tamara Todevska
100%
Zemlja mojih snova 2004 Tijana Dapčević
100%
Igra bez granica 2007 Toše Proeski
100%
Tvoeto pismo, moja Biblija 2001 Andrijana Janevska
80%
Site moi sliki 2000 Area
80%
Dali me sakaš 2001 Kaliopi
80%
More od solzi 2006 Lambe Alabakovski
80%
Mene mi pripagjaš 2000 Nokaut
80%
Nekogaš i negde 2002 Vlado Janevski
80%
Te molam vrati se 2006 Adrian Gaxha
60%
Mojot grad 2005 Aleksandar Mitevski
60%
Zbogum najmila 2007 Gjoko Taneski
60%
Po navika 2002 Non Stop
60%
Zabava do besvest 2000 Novi Dečki
60%
Skitnik 2009 Vlatko Ilievski
60%
Imeto tvoe 2001 Bagaž
40%
Vo bestraga 2002 Brejk
40%
Nešto ubavo 2001 Rebeka Jankovska
40%
Vo moj stil 2009 Toni Zen
40%
Crveni doždovi 2006 Dani Dimitrovska
20%
Mi zede se 2008 Dimitar Andonovski
20%
Jas sum povtorno jas 2003 Emil Arsov
20%
Tamu nekade 2008 Gjorgji Krstevski
20%
Prašina 2001 Kristina Arnaudova
20%
Fisnike 2003 Shpat Kasapi
20%
Znam deka si ti 2003 Ugro
20%
Južna pruga 2004 Zoran Vanev
20%
No matching quizzes found
Score Distribution
Percent of People with Each Score
Percentile by Number Answered
Your Score History
You have not taken this quiz since the last reset